| 000 | 00375nam a2200133Ia 4500 | ||
|---|---|---|---|
| 008 | 210430s9999 xx 000 0 und d | ||
| 082 | _a150.9 R6289 I | ||
| 100 | _aDANIEL N. ROBINSON | ||
| 245 | 3 |
_aAN INTELLECTUAL HISTORY OF PSYCHOLOGY / _cDANIEL N. ROBINSON |
|
| 250 | _a3rd edition | ||
| 260 |
_aISLAMABAD _bDaniel N.Robinson _c2010 |
||
| 300 | _a381p | ||
| 942 |
_cBK _2ddc |
||
| 999 |
_c563268 _d563268 |
||